[Event "XXV OOM - Mistrzostwa Polski Juniorow Mlodszych - Dziewczeta do lat 14"]
[Site "Sielpia"]
[Date "1899-12-30"]
[Round "5.12"]
[White "Straczek, Wiktoria"]
[Black "Dallemura, Anna"]
[Result "0-1"]
[WhiteTitle "I"]
[BlackTitle "I"]
[WhiteElo "1257"]
[BlackElo "1482"]

1. e4 e5 2. Nf3 Nc6 3. Nc3 Nf6 4. a3 Be7 5. d4 exd4 6. Nxd4 Nxd4 7. Qxd4 d6 8.
Bc4 O-O 9. O-O h6 10. Bd3 Nd7 11. Nd5 Bf6 12. Nxf6+ Qxf6 13. Be3 Qxd4 14. Bxd4
Ne5 15. Be2 Re8 16. Bc3 Bd7 17. Rad1 Bc6 18. f3 Re7 19. Kf2 Rae8 20. Bxe5 Rxe5
21. Bc4 Bb5 22. Rd4 Rc5 23. Bxb5 Rxb5 24. b3 Rc5 25. Rc1 f5 26. Rd5 Re5 27. Rxc5
Rxc5 28. exf5 Rxf5 29. Re1 Kf7 30. Re4 Rc5 31. c4 Rf5 32. Ke3 Rf6 33. Rf4 c6 34.
Ke4 Rxf4+ 35. Kxf4 Ke6 36. Ke4 d5+ 37. cxd5+ cxd5+ 38. Kd4 h5 39. h4 g6 40. a4
a5 41. g3 b6 42. f4 Kd6 43. Kd3 Kd7 44. Ke3 Ke7 45. Kd3 Kd6 46. Kd4 Ke6 47. Ke3
Kf5 48. Kd4 Kg4 49. Kxd5 Kxg3 50. Kc6 Kxh4 51. Kxb6 Kg4 52. Kxa5 h4 53. Kb6 h3
54. a5 h2 55. a6 h1=Q 56. a7 Qa8 57. b4 Kf5 58. Ka6 Ke6 59. b5 Kd7 60. b6 Kc6
0-1

[Event "XXV OOM - Mistrzostwa Polski Juniorow Mlodszych - Dziewczeta do lat 14"]
[Site "Sielpia"]
[Date "1899-12-30"]
[Round "5.13"]
[White "Kieca, Aleksandra"]
[Black "Grzyb, Anna"]
[Result "1-0"]
[WhiteTitle "I"]
[BlackTitle "I"]
[WhiteElo "1475"]
[BlackElo "1266"]

1. d4 Nf6 2. Nf3 g6 3. c4 Bg7 4. e3 d6 5. Nc3 Nbd7 6. Be2 O-O 7. O-O b6 8. Qc2
Bb7 9. Rd1 c5 10. b3 Qc8 11. Bb2 d5 12. Rac1 dxc4 13. bxc4 cxd4 14. exd4 Bh6 15.
Ra1 Rb8 16. Ba3 Re8 17. Qb3 e5 18. Nxe5 Nxe5 19. dxe5 Rxe5 20. Bd6 Rg5 21. Bg3
Ra8 22. Nd5 Nxd5 23. cxd5 Bg7 24. Rac1 Qe8 25. Bb5 Qe4 26. Bc6 Bxc6 27. dxc6 Rc8
28. c7 Bf8 29. Qd3 Qb7 30. Qd8 Rc5 31. Bd6 Rxd8 32. cxd8=Q Rxc1 33. Qxf8# 1-0

[Event "XXV OOM - Mistrzostwa Polski Juniorow Mlodszych - Dziewczeta do lat 14"]
[Site "Sielpia"]
[Date "1899-12-30"]
[Round "5.14"]
[White "Pietrzak, Emilia"]
[Black "Anyz, Monika"]
[Result "1/2-1/2"]
[WhiteTitle "I"]
[BlackTitle "I+"]
[WhiteElo "1230"]
[BlackElo "1424"]

1. e4 c5 2. Nf3 Nf6 3. e5 Nd5 4. c3 Nc6 5. d4 cxd4 6. cxd4 e6 7. Nc3 Nb6 8. Be2
Be7 9. O-O O-O 10. Ne4 d5 11. Ng3 Re8 12. Bd3 g6 13. Be3 Bd7 14. a3 Nc4 15. Bxc4
dxc4 16. b4 cxb3 17. Qxb3 Na5 18. Qd3 Bc6 19. Ne4 Bxe4 20. Qxe4 Qd5 21. Qxd5 exd5
22. Nd2 Rac8 23. a4 b6 24. Rfc1 Bb4 25. Rab1 Rxc1+ 26. Rxc1 Bxd2 27. Bxd2 Nb3
28. Rd1 Nxd2 29. Rxd2 Rc8 30. g3 Rc4 31. Rd3 Rxa4 32. Rc3 Rc4 33. Ra3 a5 34. Rb3
Rc6 35. Rb5 a4 36. Rxd5 a3 37. Rd8+ Kg7 38. Ra8 Rc3 39. d5 Rd3 40. d6 b5 41. d7
Rxd7 42. Rxa3 Kf8 43. Ra8+ Ke7 44. Rb8 Rd5 45. f4 h5 46. Kg2 Rc5 47. Rb7+ Ke8
48. Rb8+ Kd7 49. Rb7+ 1/2-1/2

[Event "XXV OOM - Mistrzostwa Polski Juniorow Mlodszych - Dziewczeta do lat 14"]
[Site "Sielpia"]
[Date "1899-12-30"]
[Round "5.15"]
[White "Pacho, Maria"]
[Black "Gaczol, Julia"]
[Result "1/2-1/2"]
[WhiteTitle "II"]
[BlackTitle "I"]
[WhiteElo "1166"]
[BlackElo "1394"]

1. c4 e5 2. g3 g6 3. Bg2 Bg7 4. Nc3 Nc6 5. d3 d6 6. Nf3 Nf6 7. O-O O-O 8. Bd2 h6
9. a3 a5 10. Qb3 Rb8 11. Rab1 Be6 12. Qc2 Qd7 13. b4 axb4 14. axb4 Bh3 15. b5
Ne7 16. Rfc1 Bxg2 17. Kxg2 Nh5 18. Na4 b6 19. Nc3 Kh8 20. Nd5 f5 21. Nh4 Kh7 22.
d4 Nxd5 23. cxd5 g5 24. Nf3 e4 25. Ne1 Rf7 26. e3 Nf6 27. Qc6 Qe7 28. Ra1 h5 29.
Ra7 Ne8 30. Nc2 f4 31. exf4 gxf4 32. Bxf4 Bh6 33. Bxh6 Kxh6 34. Qc3 Kh7 35. Nb4
1/2-1/2

[Event "XXV OOM - Mistrzostwa Polski Juniorow Mlodszych - Dziewczeta do lat 14"]
[Site "Sielpia"]
[Date "1899-12-30"]
[Round "5.16"]
[White "Arciszewska, Zuzanna"]
[Black "Lajdamik, Anna"]
[Result "1/2-1/2"]
[WhiteTitle "I"]
[BlackTitle "I"]
[WhiteElo "1370"]
[BlackElo "1279"]

1. e4 c6 2. d4 d5 3. Nc3 dxe4 4. Nxe4 Nf6 5. Nxf6+ gxf6 6. c3 Bf5 7. Nf3 e6 8.
Bf4 Nd7 9. Bc4 Be7 10. O-O Nb6 11. Bb3 Qd7 12. Re1 O-O-O 13. a4 h5 14. c4 Bb4
15. Bd2 Bxd2 16. Qxd2 h4 17. a5 Na8 18. Qf4 Rdg8 19. d5 Rg4 20. dxe6 fxe6 21.
Qd2 Qg7 22. g3 hxg3 23. fxg3 Be4 24. Rxe4 Rxe4 25. a6 b6 26. Qd3 f5 27. Rd1 Nc7
28. Ba4 b5 29. cxb5 Rxa4 30. bxc6 Qe7 31. Qd7+ Qxd7 32. cxd7+ Kd8 33. Ne5 Nd5
34. Rc1 Nb6 35. Nf7+ Kxd7 36. Nxh8 Rxa6 37. Ng6 Nd5 38. h4 Kd6 39. h5 Rb6 40.
h6 Rb7 41. Nf8 Rb8 42. Ng6 Rb7 1/2-1/2

[Event "XXV OOM - Mistrzostwa Polski Juniorow Mlodszych - Dziewczeta do lat 14"]
[Site "Sielpia"]
[Date "1899-12-30"]
[Round "5.17"]
[White "Czerwinska, Oliwia"]
[Black "Matusik, Zuzanna"]
[Result "1-0"]
[WhiteTitle "I"]
[BlackTitle "I"]
[WhiteElo "1303"]
[BlackElo "1226"]

1. e4 e5 2. Nf3 Nc6 3. Bc4 Bc5 4. c3 Nf6 5. d4 exd4 6. cxd4 Bb4+ 7. Bd2 Bxd2+ 8.
Nbxd2 O-O 9. d5 Ne7 10. O-O d6 11. h3 Ng6 12. Re1 Re8 13. Rc1 a6 14. Qc2 Nh5 15.
Bf1 Qf6 16. Qc3 Ne5 17. Nxe5 dxe5 18. Qf3 Nf4 19. Rxc7 Nxh3+ 20. gxh3 Qg5+ 21.
Kh2 Rf8 22. Nb3 f5 23. Qg3 Qf6 24. Nc5 fxe4 25. Nxe4 Qh6 26. Ng5 Rf5 27. Ne6 Bxe6
28. dxe6 Rg5 29. Qf3 Qxe6 30. Bc4 Qxc4 31. Rxc4 Rf8 32. Qd5+ Kh8 33. Re2 h5 34.
Rce4 Rg6 35. Rxe5 Rh6 36. Rxh5 Rxh5 37. Qxh5+ Kg8 38. Re8 Rxe8 39. Qxe8+ Kh7 40.
Qb8 b5 41. Qb6 g5 42. Qxa6 g4 43. hxg4 b4 44. Kh3 b3 45. axb3 Kg7 46. b4 Kf7 47.
Qd6 Kg7 48. b5 Kf7 49. b6 Ke8 50. Qc7 Kf8 51. b7 Ke8 52. b8=R# 1-0

[Event "XXV OOM - Mistrzostwa Polski Juniorow Mlodszych - Dziewczeta do lat 14"]
[Site "Sielpia"]
[Date "1899-12-30"]
[Round "5.18"]
[White "Maslewska, Anna"]
[Black "Szczotka, Matylda"]
[Result "0-1"]
[WhiteTitle "I"]
[BlackTitle "I"]
[WhiteElo "1117"]
[BlackElo "1301"]

1. e4 e5 2. Nf3 Nc6 3. Bb5 a6 4. Bxc6 dxc6 5. d4 exd4 6. Qxd4 Qxd4 7. Nxd4 Bd7
8. O-O O-O-O 9. h3 Ne7 10. Be3 Ng6 11. Nf3 f6 12. Nc3 Bd6 13. Ne2 c5 14. Rfd1
Bc6 15. Nd2 Rhe8 16. Nc3 Be5 17. Bxc5 Bxc3 18. bxc3 Bxe4 19. Nxe4 Rxe4 20. Rxd8+
Kxd8 21. Rd1+ Kc8 22. Kf1 Ra4 23. Ra1 Nf4 24. Be3 Nd5 25. Bd2 Rc4 26. Rb1 Nxc3
27. Bxc3 Rxc3 28. Rb2 b6 29. h4 Kd7 30. g3 Kc6 31. Kg2 b5 32. Kf1 Kb6 33. Ke2
Ka5 34. Kd2 b4 35. Rb3 Rxb3 36. cxb3 Kb5 37. Kc2 Kc5 38. Kd3 Kd5 39. Ke3 a5 40.
Kd3 h5 41. Ke3 g5 42. f3 gxh4 43. gxh4 Ke5 44. f4+ Kf5 45. Kf3 c6 0-1

[Event "XXV OOM - Mistrzostwa Polski Juniorow Mlodszych - Dziewczeta do lat 14"]
[Site "Sielpia"]
[Date "1899-12-30"]
[Round "5.19"]
[White "Hals, Emilia"]
[Black "Reszka, Zofia"]
[Result "1-0"]
[WhiteTitle "I"]
[BlackTitle "I"]
[WhiteElo "1293"]
[BlackElo "1199"]

1. e4 c5 2. Nf3 d6 3. c3 Nf6 4. Bd3 g6 5. Bc2 Bg7 6. d4 cxd4 7. Nxd4 O-O 8. O-O
Nc6 9. Nd2 Bd7 10. N2b3 Qb6 11. h3 Rac8 12. Be3 Qd8 13. Qd2 a6 14. a4 Ne5 15.
Qc1 Nc4 16. Bg5 e5 17. Ne2 Qc7 18. Nd2 Nxd2 19. Qxd2 Bc6 20. Ng3 Rfd8 21. a5 d5
22. Qe3 Re8 23. Qf3 dxe4 24. Nxe4 Nxe4 25. Bxe4 Bxe4 26. Qxe4 Re6 27. Rfd1 b6
28. Rd5 Rd6 29. Rxd6 Qxd6 30. Qb7 Rc6 31. Qxa6 bxa5 32. Qxa5 Rb6 33. b4 e4 34.
Rc1 Ra6 35. Qb5 h6 36. Be3 Ra8 37. Qc5 Qe6 38. b5 Rc8 39. Qb4 Qc4 40. Qxc4 Rxc4
41. b6 Rxc3 42. Rxc3 Bxc3 43. b7 Be5 44. Ba7 f5 45. b8=Q+ Bxb8 46. Bxb8 Kf7 47.
Kf1 Ke6 48. Ke2 g5 49. Ke3 Kd5 50. g3 Kc4 51. Be5 h5 52. Bf6 g4 53. hxg4 hxg4
54. Kf4 Kd3 55. Kxf5 Ke2 56. Bd4 Kf3 57. Be3 Ke2 58. Kxg4 1-0

[Event "XXV OOM - Mistrzostwa Polski Juniorow Mlodszych - Dziewczeta do lat 14"]
[Site "Sielpia"]
[Date "1899-12-30"]
[Round "5.20"]
[White "Garbowska, Maja"]
[Black "Kot, Marta"]
[Result "1-0"]
[WhiteTitle "I"]
[BlackTitle "II"]
[WhiteElo "1293"]
[BlackElo "1218"]

1. e4 e5 2. Nf3 Nc6 3. Bc4 Bc5 4. d3 Nf6 5. O-O O-O 6. h3 d5 7. exd5 Nxd5 8. Re1
Qd6 9. Nbd2 Bb6 10. Ne4 Qd7 11. a3 a6 12. Neg5 Qd6 13. Ne4 Qd7 14. Nfg5 h6 15.
Nf3 Kh7 16. Ng3 Re8 17. d4 Nf6 18. d5 Nd4 19. Nxe5 Qe7 20. Qd3+ Kg8 21. c3 Nb5
22. Bxb5 axb5 23. Qxb5 Ra5 24. Qc4 Rxd5 25. Nf3 Qd7 26. Rxe8+ Qxe8 27. Bf4 Rc5
28. Qf1 Qe6 29. Be3 Rd5 30. Bxb6 Qxb6 31. b4 Qc6 32. c4 Rd8 33. Rd1 Re8 34. Nd4
Qa4 35. Qd3 Rd8 36. Qf3 Qa7 37. Nb5 Rxd1+ 38. Qxd1 Bd7 39. Nxa7 Be6 40. Nb5 Bxc4
41. Nxc7 Kh8 42. Nf5 Kh7 43. Nd6 Ba2 44. Qc2+ Kg8 45. Qxa2 Kh8 46. Qxf7 Ng8 47.
Nce8 Nf6 48. Qxg7# 1-0

[Event "XXV OOM - Mistrzostwa Polski Juniorow Mlodszych - Dziewczeta do lat 14"]
[Site "Sielpia"]
[Date "1899-12-30"]
[Round "5.21"]
[White "Scisla, Oliwia"]
[Black "Bukala, Weronika"]
[Result "0-1"]
[WhiteTitle "I++"]
[BlackTitle "I"]
[WhiteElo "1413"]
[BlackElo "1234"]

1. e4 d5 2. exd5 Qxd5 3. Nf3 Bg4 4. Be2 Nc6 5. O-O O-O-O 6. c4 Qd6 7. Nc3 Nf6 8.
h3 Bxf3 9. Bxf3 Kb8 10. b3 h5 11. Bxc6 Qxc6 12. d4 Ne4 13. Ne2 Qg6 14. Nf4 Qf5
15. d5 Qe5 16. Be3 e6 17. Qd4 Qxd4 18. Bxd4 exd5 19. Nxd5 f6 20. Be3 g5 21. Rfe1
c6 22. Nb4 Bxb4 23. Bxa7+ Kxa7 24. Rxe4 Rhe8 25. Rxe8 Rxe8 26. a3 Re1+ 27. Kh2
Bd6+ 0-1

[Event "XXV OOM - Mistrzostwa Polski Juniorow Mlodszych - Dziewczeta do lat 14"]
[Site "Sielpia"]
[Date "1899-12-30"]
[Round "5.22"]
[White "Baran, Dagmara"]
[Black "Kulpa, Karolina"]
[Result "1/2-1/2"]
[WhiteTitle "I"]
[BlackTitle "I"]
[WhiteElo "1244"]
[BlackElo "1381"]

1. e4 d6 2. Nf3 Nf6 3. d3 Nbd7 4. Be2 g6 5. h3 Bg7 6. Be3 b6 7. Qd2 Nh5 8. Nc3
Bb7 9. Nh2 Nhf6 10. Bh6 O-O 11. O-O Nc5 12. Bxg7 Kxg7 13. f4 Qd7 14. Rf2 Qc6 15.
Bf3 e5 16. Raf1 Ne6 17. Nd5 Nd7 18. f5 Nd8 19. Ng4 Kh8 20. Qh6 Rg8 21. Ne7 Qc5
22. Nxg8 Kxg8 23. Kh1 d5 24. fxg6 hxg6 25. exd5 Qf8 26. Qxf8+ Kxf8 27. c4 f5 28.
Bd1 Kg7 29. Ne3 Nc5 30. Rd2 a5 31. Bc2 Na6 32. Kh2 Nf7 33. d4 Re8 34. dxe5 Rxe5
35. Nd1 Nd6 36. b3 Nc5 37. Nc3 Re3 38. Rf3 Re1 39. Rd1 Re5 40. Rg3 Kf6 41. Rf3
Kg7 42. Kg1 Bc8 43. Kf1 g5 44. Re1 Rxe1+ 45. Kxe1 Kf6 46. g4 f4 47. Rf2 Ke5 48.
Ke2 Kd4 49. Rf3 Ke5 50. Kd1 Kd4 51. Ne2+ Ke5 52. Rf1 Nce4 53. Re1 Nf2+ 54. Kc1
f3 55. Ng1+ Kf4 56. Kd2 Nfe4+ 57. Bxe4 f2 58. Ne2+ Kxe4 59. Rf1 Kf3 60. Nd4+ 1/2-1/2

[Event "XXV OOM - Mistrzostwa Polski Juniorow Mlodszych - Dziewczeta do lat 14"]
[Site "Sielpia"]
[Date "1899-12-30"]
[Round "5.23"]
[White "Uliasz, Katarzyna"]
[Black "Franek, Diana"]
[Result "1/2-1/2"]
[WhiteTitle "I"]
[BlackTitle "II"]
[WhiteElo "1270"]
[BlackElo "1256"]

1. e4 d5 2. exd5 Qxd5 3. Nc3 Qd6 4. d4 Nf6 5. Nf3 a6 6. g3 Bg4 7. Bg2 e6 8. Bf4
Qd7 9. h3 Bxf3 10. Bxf3 Nc6 11. Bxc6 Qxc6 12. O-O O-O-O 13. Ne2 Nd5 14. c3 Be7
15. Qc2 g5 16. Bd2 h5 17. Qe4 f5 18. Qg2 g4 19. h4 Bd6 20. Rac1 Qc4 21. Nf4 Nxf4
22. Bxf4 Bxf4 23. gxf4 Qxa2 24. Rfe1 Rhe8 25. b4 Qd5 26. Qxd5 exd5 27. Re5 Rxe5
28. fxe5 Kd7 29. Kg2 Ke6 30. Kg3 Rf8 31. Kf4 Rg8 32. Rg1 c6 33. Rg2 g3 34. fxg3
Rg4+ 35. Ke4 Kxe5+ 1/2-1/2

[Event "XXV OOM - Mistrzostwa Polski Juniorow Mlodszych - Dziewczeta do lat 14"]
[Site "Sielpia"]
[Date "1899-12-30"]
[Round "5.24"]
[White "Bychowska, Marta"]
[Black "Retz, Agnieszka"]
[Result "1-0"]
[WhiteTitle "II"]
[BlackTitle "II+"]
[WhiteElo "1235"]
[BlackElo "1263"]

1. e4 c5 2. Nc3 e6 3. Nf3 Nc6 4. d4 cxd4 5. Nxd4 a6 6. Be2 Be7 7. O-O d6 8. Be3
Nf6 9. Qd2 O-O 10. a3 d5 11. exd5 Nxd5 12. Nxd5 Qxd5 13. Bf3 Qd7 14. Nxc6 bxc6
15. Qxd7 Bxd7 16. Rfd1 Bc8 17. Bf4 Bf6 18. Bxc6 e5 19. Bxe5 Bxe5 20. Bxa8 Bg4
21. f3 Bxb2 22. Ra2 Rxa8 23. Rxb2 Be6 24. Rdb1 Kf8 25. Rb8+ Rxb8 26. Rxb8+ Ke7
27. Rb7+ Kf6 28. Rb6 Ke5 29. Rxa6 Kd4 30. Kf2 Bc4 31. Rc6 Be6 32. a4 Kd5 33. Rc3
Bd7 34. a5 Bc6 35. a6 1-0

[Event "XXV OOM - Mistrzostwa Polski Juniorow Mlodszych - Dziewczeta do lat 14"]
[Site "Sielpia"]
[Date "1899-12-30"]
[Round "5.25"]
[White "Walendykiewicz, Martyna"]
[Black "Sivickis, Kornelia"]
[Result "1-0"]
[WhiteTitle "I"]
[BlackTitle "I"]
[WhiteElo "1175"]
[BlackElo "1209"]

1. e4 c5 2. Nf3 e6 3. d4 cxd4 4. Nxd4 a6 5. a3 Qc7 6. Nc3 Nf6 7. Bd3 Be7 8. O-O
O-O 9. Bg5 Re8 10. Re1 h6 11. Bh4 Nc6 12. Nf3 d6 13. h3 b6 14. Bg3 e5 15. Bc4
Bb7 16. Nd5 Nxd5 17. Bxd5 Bf6 18. c3 Ne7 19. Bxb7 Qxb7 20. Qxd6 Rad8 21. Qb4 Ng6
22. Rad1 Qc6 23. Qb3 Rd6 24. Rxd6 Qxd6 25. Rd1 Qc6 26. Qd5 Qc7 27. Qd7 Qb8 28.
Qa4 a5 29. Qb3 Qc7 30. Qc2 Qb8 31. Nd2 Qc7 32. Nf1 Bh4 33. Bxh4 Nxh4 34. Qa4 Qb8
35. Qd7 Ng6 36. Ng3 Nf4 37. Rd2 Ne6 38. Qd6 Qxd6 39. Rxd6 Rb8 40. Nf5 Nc5 41.
f3 f6 42. b4 axb4 43. cxb4 Na4 44. Rd7 Kh8 45. Rxg7 h5 46. Rg6 Rb7 47. Rxf6 b5
48. Re6 Nc3 49. Rxe5 Ne2+ 50. Kh2 Nf4 51. Nd6 Rg7 52. g3 Ne2 53. Rxh5+ Kg8 54.
Nf5 Rb7 55. Rg5+ Kf8 56. Nd6 Rb6 57. Nxb5 Nc1 58. h4 Nd3 59. Rd5 Nb2 60. Kh3 Na4
61. h5 Rh6 62. g4 Nb2 63. Kh4 Nc4 64. Rg5 Ne3 65. Nd4 Ng2+ 66. Kg3 Ne3 67. Nf5
Nxf5+ 68. Rxf5+ Ke7 69. Kf4 Ke6 70. b5 Ke7 71. a4 Kd7 72. e5 Kc7 73. Rf6 Rh7 74.
b6+ Kc8 75. a5 Kb8 76. a6 Ka8 77. Rf8# 1-0

[Event "XXV OOM - Mistrzostwa Polski Juniorow Mlodszych - Dziewczeta do lat 14"]
[Site "Sielpia"]
[Date "1899-12-30"]
[Round "5.26"]
[White "Kaznowska, Kinga"]
[Black "Szewc, Dobromila"]
[Result "0-1"]
[WhiteTitle "II+"]
[BlackTitle "I"]
[WhiteElo "1037"]
[BlackElo "1036"]

1. e4 c6 2. d4 d5 3. e5 Bf5 4. Nf3 e6 5. Be2 c5 6. c3 Nc6 7. Bb5 Qb6 8. Qa4 Nge7
9. Be3 a6 10. Bxc6+ Nxc6 11. Qb3 Qxb3 12. axb3 cxd4 13. Nxd4 Nxd4 14. Bxd4 Rc8
15. b4 Be7 16. O-O O-O 17. Ra5 Bg6 18. Nd2 f6 19. exf6 Bxf6 20. Bxf6 Rxf6 21.
Re1 Rcf8 22. f3 Bd3 23. Raa1 Re8 24. Nb3 Bc4 25. Nc5 Re7 26. Re3 Kf7 27. Na4 Bb5
28. Nb6 Rc7 29. Rae1 Rg6 30. g3 Bc6 31. b3 Bb5 32. Na4 Bxa4 33. bxa4 Rf6 34. Rd1
Kg8 35. f4 Re7 36. Rde1 g6 37. Kg2 Kf8 38. Rf3 Rd7 39. Rd1 Rc7 40. Rfd3 Rc4 41.
Rc1 Rf7 42. a5 Rfc7 43. Kf2 Rxb4 44. cxb4 Rxc1 45. Rd4 Rc2+ 46. Kg1 Ke7 47. g4
Kf6 48. h4 Rc4 49. Rxc4 dxc4 50. Kf2 c3 51. Ke3 c2 52. Kd2 c1=Q+ 53. Kxc1 e5 54.
fxe5+ Kxe5 55. Kd2 Kf4 56. h5 gxh5 57. gxh5 Kg5 58. Ke3 Kxh5 59. Kf4 Kg6 60. Kg4
Kf6 61. Kh5 Ke5 62. Kh6 Kd4 63. Kxh7 Kc4 64. Kg6 Kxb4 65. Kf5 Kxa5 66. Ke4 Kb4
67. Kd3 Kb3 68. Kd2 a5 69. Kc1 a4 70. Kb1 b5 71. Ka1 b4 72. Kb1 Kc3 73. Ka2 b3+
74. Kb1 b2 75. Ka2 Kc2 76. Ka3 b1=Q 77. Kxa4 Kc3 78. Ka3 Qb3# 0-1

[Event "XXV OOM - Mistrzostwa Polski Juniorow Mlodszych - Dziewczeta do lat 14"]
[Site "Sielpia"]
[Date "1899-12-30"]
[Round "6.1"]
[White "Barwinska, Ewa"]
[Black "Wikar, Martyna"]
[Result "0-1"]
[WhiteTitle "I++"]
[BlackTitle "k"]
[WhiteElo "1622"]
[BlackElo "2044"]

1. e4 c5 2. Nf3 Nc6 3. d4 cxd4 4. Nxd4 Nf6 5. Nc3 e5 6. Ndb5 d6 7. Bg5 a6 8. Na3
b5 9. Nd5 Be7 10. Bxf6 Bxf6 11. c3 Bg5 12. Nc2 Rb8 13. Be2 O-O 14. O-O Be6 15.
Nce3 Ne7 16. Bg4 g6 17. Nxe7+ Qxe7 18. Nd5 Qb7 19. Bf3 Rbc8 20. g3 Bxd5 21. Qxd5
Qxd5 22. exd5 b4 23. cxb4 Rc2 24. h4 Bd2 25. b3 Bxb4 26. Rfc1 Rfc8 27. Rxc2 Rxc2
28. Be4 Rd2 29. Rc1 f5 30. Bg2 Bc5 31. Kh2 Rxf2 32. a3 a5 33. b4 axb4 34. axb4
Bxb4 35. Rc8+ Kg7 36. Rc7+ Kf6 37. Rxh7 e4 38. h5 gxh5 39. Rxh5 e3 40. Rh6+ Kg5
41. Rh8 e2 42. Rh4 e1=Q 43. Rg4+ Kf6 44. Rh4 Qf1 45. Rh6+ Ke5 0-1

[Event "XXV OOM - Mistrzostwa Polski Juniorow Mlodszych - Dziewczeta do lat 14"]
[Site "Sielpia"]
[Date "1899-12-30"]
[Round "6.2"]
[White "Starosta, Martyna"]
[Black "Goraj, Barbara"]
[Result "1/2-1/2"]
[WhiteTitle "WCM"]
[BlackTitle "I++"]
[WhiteElo "1672"]
[BlackElo "1824"]

1. e4 c5 2. Nf3 Nc6 3. d4 cxd4 4. Nxd4 Nf6 5. Nc3 d6 6. Bg5 e6 7. Qd2 a6 8. O-O-O
Bd7 9. f4 b5 10. Nxc6 Bxc6 11. Qd4 Be7 12. Be2 Qc7 13. Bf3 Rb8 14. Bxf6 gxf6 15.
Rhe1 Qb6 16. Qd3 b4 17. Nd5 Bb5 18. Nxb6 Bxd3 19. Rxd3 Rxb6 20. c3 bxc3 21. Rxc3
Kd7 22. Bg4 Rg8 23. Bh3 h5 24. g3 Bf8 25. Re2 Rc6 26. Rec2 Rxc3 27. Rxc3 h4 28.
Kd1 hxg3 29. hxg3 Rh8 30. Bg2 Rh2 31. Rc2 Rh5 32. Ke2 Ra5 33. a3 Be7 34. Bh3 Bd8
35. Rc3 Rb5 36. b3 Ba5 37. b4 Bb6 38. Bf1 Bc7 39. Kf3 Rb6 40. Rc2 Bd8 41. Ke3
Bc7 1/2-1/2

[Event "XXV OOM - Mistrzostwa Polski Juniorow Mlodszych - Dziewczeta do lat 14"]
[Site "Sielpia"]
[Date "1899-12-30"]
[Round "6.3"]
[White "Krzyzosiak, Marta"]
[Black "Kucharska, Helena"]
[Result "1/2-1/2"]
[WhiteTitle "I++"]
[BlackTitle "I"]
[WhiteElo "1626"]
[BlackElo "1385"]

1. e4 e5 2. Nf3 Nc6 3. Bb5 a6 4. Bxc6 dxc6 5. d4 exd4 6. Qxd4 Qxd4 7. Nxd4 Bd7
8. Nc3 Bb4 9. Bf4 O-O-O 10. O-O-O Nf6 11. f3 Rhe8 12. a3 Bd6 13. Nce2 Nh5 14.
Bg5 f6 15. Be3 g5 16. g4 Ng7 17. h4 c5 18. Nb3 Bxg4 19. fxg4 Rxe4 20. Bxc5 Rxe2
21. Bxd6 Rxd6 22. Rxd6 cxd6 23. hxg5 fxg5 24. Rxh7 Ne6 25. Re7 Re5 26. Kd1 Rd5+
27. Ke2 Nf4+ 28. Kf3 Rd1 29. Rg7 Rf1+ 30. Kg3 Rg1+ 31. Kf3 Rf1+ 32. Kg3 Ne6 33.
Re7 Rf6 34. c3 b5 35. Nd2 d5 36. Nf3 Rg6 1/2-1/2

[Event "XXV OOM - Mistrzostwa Polski Juniorow Mlodszych - Dziewczeta do lat 14"]
[Site "Sielpia"]
[Date "1899-12-30"]
[Round "6.4"]
[White "Skolska, Emilia"]
[Black "Rejniak, Zuzanna"]
[Result "0-1"]
[WhiteTitle "I"]
[BlackTitle "k"]
[WhiteElo "1300"]
[BlackElo "1904"]

1. e4 c5 2. Nf3 d6 3. d4 cxd4 4. Nxd4 Nf6 5. Nc3 a6 6. Be2 e5 7. Nb3 Be6 8. O-O
Be7 9. Be3 O-O 10. a4 Nbd7 11. Qd2 Rc8 12. Bf3 Nb6 13. a5 Nc4 14. Qc1 Qc7 15.
Bd2 Rfd8 16. Re1 d5 17. exd5 Nxd5 18. Bxd5 Bxd5 19. Nxd5 Rxd5 20. Bc3 Rcd8 0-1

[Event "XXV OOM - Mistrzostwa Polski Juniorow Mlodszych - Dziewczeta do lat 14"]
[Site "Sielpia"]
[Date "1899-12-30"]
[Round "6.5"]
[White "Zabrzanska, Weronika"]
[Black "Mezykowska, Emilia"]
[Result "1-0"]
[WhiteTitle "I++"]
[BlackTitle "I"]
[WhiteElo "1763"]
[BlackElo "1579"]

1. e4 c5 2. c3 d5 3. exd5 Qxd5 4. d4 Nc6 5. Nf3 Bf5 6. Be2 cxd4 7. cxd4 Bxb1 8.
Rxb1 e6 9. O-O Bd6 10. b4 Nf6 11. b5 Ne7 12. a4 O-O 13. Bb2 Rac8 14. Nd2 Qg5 15.
Bf3 Ned5 16. g3 Qg6 17. Re1 Bb4 18. Rc1 Nf4 19. Re3 N6d5 20. Rb3 Nh3+ 21. Kf1
Bxd2 22. Qxd2 Ng5 23. Bg2 Ne4 24. Qe1 Nd6 25. Ba3 Rxc1 26. Qxc1 Rc8 27. Qb1 Qxb1+
28. Rxb1 Nf5 29. Rc1 Rxc1+ 30. Bxc1 Nxd4 31. Bxd5 exd5 32. Be3 Ne6 33. Bxa7 Kf8
34. a5 Ke8 35. Bb6 Kd7 36. Ke2 Kd6 37. Kd3 Nc5+ 38. Bxc5+ Kxc5 39. a6 bxa6 40.
bxa6 Kb6 41. Kd4 Kxa6 42. Kxd5 Kb7 43. Kd6 Kc8 44. Ke7 f5 45. f4 g6 46. Kf7 Kd7
47. Kg7 Ke7 48. Kxh7 Kf6 49. Kh6 Kf7 50. Kg5 Kg7 51. h4 Kh7 52. h5 gxh5 53. Kxh5
Kg7 54. Kg5 Kg8 55. Kxf5 1-0

[Event "XXV OOM - Mistrzostwa Polski Juniorow Mlodszych - Dziewczeta do lat 14"]
[Site "Sielpia"]
[Date "1899-12-30"]
[Round "6.6"]
[White "Lukasik, Zuzanna"]
[Black "Krzyzosiak, Anna"]
[Result "1/2-1/2"]
[WhiteTitle "I++"]
[BlackTitle "I++"]
[WhiteElo "1618"]
[BlackElo "1528"]

1. e4 e5 2. Nf3 Nc6 3. Bb5 g6 4. c3 a6 5. Ba4 d6 6. O-O Bg7 7. h3 Bd7 8. Re1 Nf6
9. d4 O-O 10. Bg5 h6 11. Bh4 g5 12. Bg3 Nh5 13. d5 Nb8 14. Bxd7 Nxd7 15. Nxe5
Nxg3 16. Nxd7 Qxd7 17. fxg3 f5 18. exf5 Qxf5 19. Qd2 Be5 20. Kh2 h5 21. Na3 h4
22. Kg1 Bxg3 23. Re7 Bf2+ 24. Kh1 Bb6 25. Qe2 Rf7 26. Rxf7 Qxf7 27. Qd2 Qf6 28.
Nc4 Ba7 29. Ne3 Qf4 30. Nf1 Rf8 31. Qxf4 Rxf4 32. Nh2 Bf2 33. Nf3 Rf5 34. Rd1
Kf8 35. Rd2 Bb6 36. Kh2 Kf7 37. c4 a5 38. b3 Bc5 39. Re2 Bb6 40. Re4 Bc5 41. Rg4
Be3 42. Re4 Bc5 43. Re2 1/2-1/2

[Event "XXV OOM - Mistrzostwa Polski Juniorow Mlodszych - Dziewczeta do lat 14"]
[Site "Sielpia"]
[Date "1899-12-30"]
[Round "6.7"]
[White "Kieca, Aleksandra"]
[Black "Hertlein, Irena"]
[Result "0-1"]
[WhiteTitle "I"]
[BlackTitle "I+"]
[WhiteElo "1475"]
[BlackElo "1713"]

1. d4 Nf6 2. Nf3 e6 3. e3 b6 4. Nbd2 Bb7 5. Bd3 Be7 6. O-O O-O 7. b3 c5 8. Bb2
Nc6 9. a3 Rc8 10. c4 cxd4 11. exd4 d5 12. Rc1 dxc4 13. bxc4 Qd6 14. Qe2 Qf4 15.
Rfe1 Rfd8 16. Bb1 Bd6 17. Ne4 Nxe4 18. Qxe4 Qxe4 19. Bxe4 Na5 20. Bxb7 Nxb7 21.
Rc3 Na5 22. Rec1 Bf4 23. R1c2 e5 24. g3 exd4 25. Rd3 Rxc4 26. Rxc4 Nxc4 27. Ba1
Ne5 28. Nxe5 Bxe5 29. f4 Bd6 30. Kf2 Bc5 31. Kf3 Kf8 32. Bb2 Ke7 33. Ke4 Ke6 34.
g4 Rd6 35. h4 Kd7 36. f5 Kc6 37. a4 a6 38. g5 b5 39. axb5+ axb5 40. h5 b4 41.
Ba1 Kb5 42. Bxd4 Kc4 43. Bxc5 Rxd3 44. Bxb4 Rh3 45. Bf8 Rxh5 46. Kf4 g6 47. fxg6
hxg6 48. Be7 Kd5 49. Bf6 Rh4+ 50. Kg3 Ra4 51. Kf3 Ke6 52. Ke3 Kf5 53. Kf3 Rg4
54. Bd8 Rxg5 55. Bxg5 Kxg5 0-1

[Event "XXV OOM - Mistrzostwa Polski Juniorow Mlodszych - Dziewczeta do lat 14"]
[Site "Sielpia"]
[Date "1899-12-30"]
[Round "6.8"]
[White "Bugaj, Hanna"]
[Black "Mroz, Lena"]
[Result "0-1"]
[WhiteTitle "I"]
[BlackTitle "I++"]
[WhiteElo "1363"]
[BlackElo "1573"]

1. d4 d5 2. c4 e6 3. cxd5 exd5 4. Nc3 c6 5. Nf3 Bd6 6. Bg5 Ne7 7. e3 O-O 8. Bd3
Qb6 9. Qc2 h6 10. Bh4 Be6 11. O-O Re8 12. Bg3 Bxg3 13. hxg3 Nd7 14. Na4 Qc7 15.
b4 b6 16. Rac1 Qd6 17. a3 Bg4 18. Nd2 Qf6 19. Rfe1 Qg5 20. f4 Qf6 21. Nf3 Rac8
22. Qf2 Bf5 23. Bxf5 Nxf5 24. g4 Nd6 25. g5 hxg5 26. Nxg5 Qg6 27. Nc3 Nf6 28.
Qf3 Nc4 29. a4 Nb2 30. Rf1 Nc4 31. Rfe1 Rc7 32. Kf2 Rce7 33. Nd1 Ne4+ 34. Nxe4
Rxe4 35. Rc3 Qe6 36. Qh3 Rxf4+ 37. Kg3 Qxh3+ 38. gxh3 Rxd4 39. Rf1 Rde4 40. Rf3
R8e6 41. Kf2 Nd2 42. Rf5 Rxb4 43. Ke2 Ne4 44. Kf3 Nxc3 45. Nxc3 Rb3 46. Nd1 d4
0-1